Bibliografía anotada sobre integración de niños con necesidades especiales al sistema regular de enseñanza.

Salvato in:
Dettagli Bibliografici
Autore principale: Morera Vargas, Adilia (autor)
Altri autori: Achio Méndez, Ana María (autor) (autor)
Natura: Libro
Lingua:spagnolo
Soggetti:
Tags: Aggiungi Tag
Nessun Tag, puoi essere il primo ad aggiungerne!!

MARC

LEADER 00000cam^a2200000uu^4500
001 000476664
005 20250521000000.0
008 050901s1997^^^^^^^^^^^^rd^r^^000^0^spa^d
009 20260526150306.423
035 |a FCE 000019547 
035 |a FCE 026225 
037 |a Acervo ITESO - Biblioteca 
041 |a spa 
082 0 4 |a 371.904  |b MORb 
100 |a Morera Vargas, Adilia  |e (autor) 
245 1 0 |a Bibliografía anotada sobre integración de niños con necesidades especiales al sistema regular de enseñanza. 
264 |a Santiago, Chile :  |b REDUC : CENADI,  |c 1997. 
300 |a 25 p. 
336 |a texto  |b txt  |2 rdacontenido 
337 |a sin mediación  |b n  |2 rdamedio 
338 |a volumen  |b nc  |2 rdasoporte 
649 |a XX 
650 |a Educación básica 
650 |a Desfavorecido educativo 
650 |a Bibliografía 
650 |a Educación especial 
650 |a Niño con discapacidad 
650 |a Integración escolar 
700 |a Achio Méndez, Ana María  |e (autor) 
910 |a Fondo Centro de Estudios Educativos 
920 |a Impresos - Libros 
930 |a Fondos Especiales 
905 |a 133 
901 |a ALE026225  |b IT2  |c CEE  |u 20250521 
901 |a ALE044315  |b IT2  |c CEE  |u 20250521 
902 |a https://opac.biblio.iteso.mx/vufind/Record/000476664